|
|
|
|
| LEADER |
00738nam a2200205 a 4500 |
| 001 |
000636370 |
| 003 |
CZ BrMZK |
| 005 |
20111012143748.0 |
| 007 |
ta |
| 008 |
021115s1941 xr f cze d |
| 040 |
|
|
|a BOA001
|b cze
|c BOA001
|
| 100 |
1 |
|
|a Hejtman, Bohuslav,
|d 1911-2000
|7 jk01040598
|4 aut
|
| 245 |
1 |
0 |
|a Nástin postupu diferenciace a krystalizace v požárském lomu /
|c napsal Bohuslav Hejtman
|
| 260 |
|
|
|a V Praze :
|b [s.n.],
|c 1941
|f (Al. Wilsner)
|
| 300 |
|
|
|a 15 s.
|
| 490 |
1 |
|
|a Rozpravy České akademie věd. Třída 2 ;
|v roč. 2, č. 12
|
| 810 |
2 |
|
|a Česká akademie věd.
|t Rozpravy
|
| 910 |
|
|
|a BOA001
|b 3-0160.721
|
| 990 |
|
|
|a BK
|
| 996 |
7 |
|
|b 2619111697
|c 3-0160.721
|l MZK
|r Sklad / do 1 hodiny
|n 0
|w 000636370
|u 000010
|a 1
|e BOA001
|j MZK50
|s A
|